00414 2200169 4500001002100000008004100021035002000062245003500082100001100117260002700128300001200155020001800167084001600185082000800201650001600209990001900225INLIS000000000001069 ind  a0010-0724001069 aSeri Referensi IPA SelcAnisah aAnisah aSurabaya :bSIC,c2007 a28 hlm. a979.9925.13.4 a571.6 ANI s a571 aBiologi Sel aP29/CP/24/1069